000 00402cam a22001217a 4500
008 180718b1962 xxu||||| |||| 00| 0 eng d
082 _aA98x54 Sa18
100 _aSaggi, P.D.
245 _aLife and work of Lal, Bal and Pal
_cby P.D.Saggi
260 _aNew Delhi
_bOverseas
_c1962
300 _a363p.
650 _aLajpat Rai, Lala, 1865-1928. Tilak, Bal Gangadhar, 1856-1920. Pal, Bipin Chandra, 1858-1932.
999 _c414096
_d414096